000 01103cam a22003497a 4500
003 CHAP
005 20220329141449.0
008 971013s1984 r 00010 d
010 _a68572
011 _a69544
035 _a79021
040 _cCHAP
082 _a632
_bD58
100 0 0 _aDixon, G. R.
_933050
245 0 _aPlant pathogens and their control in horticulture
260 _aLondon :
_bMacMillan,
_c1984
300 _a253 p.
490 0 _aScience in horticultural series
590 _aBATCH-UPD
_b10
_c20130110
_lUCH01
_h0940
590 _aBATCH-UPD
_b10
_c20130410
_lUCH01
_h0557
590 _aBATCH-UPD
_b10
_c20130914
_lUCH01
_h1414
590 _aCONVERSION
_b10
_c20130109
_lUCH01
_h1338
650 1 4 _aFitopatología.
_941161
650 1 4 _aHongos fitopatógenos.
_956132
650 1 4 _aLegumbres
_xEnfermedades.
_965709
650 1 4 _aMicroorganismos patógenos.
_975528
650 1 4 _aPesticidas.
_987536
830 0 _aScience in horticultural series
_9103317
901 _aBK
942 _cLIBRO
949 _a632 D58
_bBC
_cLIBRO
_d33724000173589
_eLIBRO
_gI.145758
_h75593
_i79021
_si
_t74.42
999 _c68572
_d68572